|
|
|
|
| LEADER |
01340nam a2200277 a 4500 |
| 001 |
c000269894 |
| 003 |
CARM |
| 005 |
20070830112332.0 |
| 008 |
910927s1991 ohua b 100 0 eng |
| 010 |
|
|
|a 91076343
|
| 019 |
1 |
|
|a 50073786
|5 LACONCORD2021
|
| 020 |
|
|
|a 0871704358
|
| 035 |
|
|
|a (OCoLC)25220273
|5 LACONCORD2021
|
| 040 |
|
|
|a VCAV
|c VCAV
|
| 082 |
0 |
0 |
|a 621.381/046
|2 20
|
| 111 |
2 |
|
|a Electronic Materials and Processing Congress
|n (4th :
|d 1991 :
|c Montréal, Québec)
|
| 245 |
1 |
0 |
|a Materials developments in microelectronic packaging :
|b performance and reliability : proceedings of the fourth Electronic Materials and Processing Congress /
|c sponsored by the Electronic Materials and Processing Division of ASM International ; edited by Prabjit Singh.
|
| 260 |
|
|
|a Materials Park, Ohio :
|b ASM International,
|c c1991.
|
| 300 |
|
|
|a xi, 403 p. :
|b ill. ;
|c 29 cm.
|
| 504 |
|
|
|a Includes bibliographical references.
|
| 650 |
|
0 |
|a Microelectronic packaging
|x Materials
|x Testing
|v Congresses.
|
| 700 |
1 |
|
|a Singh, Prabjit.
|
| 710 |
2 |
|
|a ASM International.
|b Electronic Materials and Processing Division.
|
| 852 |
8 |
|
|b CARM
|h A1:AN22D0
|i F02622
|p 0391145
|f BK
|
| 999 |
f |
f |
|i e5c88a63-82fd-53a4-b83e-9f78f6c03900
|s 71f80e63-fd10-5af3-b558-c29034e7a247
|
| 952 |
f |
f |
|p Can circulate
|a CAVAL
|b CAVAL
|c CAVAL
|d CARM 1 Store
|e F02622
|f A1:AN22D0
|h Other scheme
|i book
|m 0391145
|